A PHOTO QUALITY EVALUATON MODEL FOR AUTONOMOUS PHOTOGRAPHY / (Record no. 536000)

000 -LEADER
fixed length control field 00594nam a22001697a 4500
020 ## - INTERNATIONAL STANDARD BOOK NUMBER
Qualifying information Hard Cover.
082 ## - DEWEY DECIMAL CLASSIFICATION NUMBER
Classification number 004
100 ## - MAIN ENTRY--PERSONAL NAME
Personal name Azka Hafeez ; Wajeeha Yasin
245 ## - TITLE STATEMENT
Title A PHOTO QUALITY EVALUATON MODEL FOR AUTONOMOUS PHOTOGRAPHY /
Statement of responsibility, etc. Azka Hafeez ; Wajeeha Yasin
260 ## - PUBLICATION, DISTRIBUTION, ETC.
Place of publication, distribution, etc. Islamabad :
Name of publisher, distributor, etc. SEECS - NUST,
Date of publication, distribution, etc. 2019.
300 ## - PHYSICAL DESCRIPTION
Extent 37 p. : ill. ;
Dimensions 30cm.
650 ## - SUBJECT ADDED ENTRY--TOPICAL TERM
Topical term or geographic name entry element Software Engineering-Project Report
700 ## - ADDED ENTRY--PERSONAL NAME
Personal name Dr. Yasir Ayaz.
856 ## - Uniform Resource Identifier
Uniform Resource Identifier <a href="http://10.250.8.41:8080/xmlui/handle/123456789/29566">http://10.250.8.41:8080/xmlui/handle/123456789/29566</a>
942 ## - ADDED ENTRY ELEMENTS (KOHA)
Source of classification or shelving scheme
Koha item type Project Report
650 ## - SUBJECT ADDED ENTRY--TOPICAL TERM
-- 30818
700 ## - ADDED ENTRY--PERSONAL NAME
-- 21542
Holdings
Withdrawn status Lost status Source of classification or shelving scheme Damaged status Not for loan Permanent Location Current Location Shelving location Date acquired Full call number Barcode Date last seen Price effective from Koha item type
WITHDRAWN         Central Library (CL) Central Library (CL) Thesis 09/29/2020 004 CL-BP-100 09/29/2020 09/29/2020 Project Report
© 2023 Central Library, National University of Sciences and Technology. All Rights Reserved.